000 00669nam a22002057a 4500
005 20251108165944.0
008 250721s1997 xx 000 0 ara d
082 1 4 _aط/811.9565/بتي
100 1 _aالبتيري، علي
245 1 0 _aالعصفور الغريب و حكايات أخرى :
_bشعر /
264 1 _aعمان :
_bدار البشير،
_c1997.
300 _a15ص.
490 0 _aسلاسل البشير السلسلة الشعرية
_v2
650 1 7 _aالشعر الحديث
650 1 7 _aالأردن
650 1 7 _aالأدب العربي
653 _aاطفال مرحلة متوسطة (6-9)صفحات
942 _2ddc
_cBK
999 _c35816
_d35816